| 000 | 00678nam a2200229 u 4500 | ||
|---|---|---|---|
| 005 | 20230602064042.0 | ||
| 008 | 181017s2009 es r 000 0 spa d | ||
| 020 | _a9788498674804 | ||
| 035 | _aUPN01000227377 | ||
| 049 | _aI | ||
| 050 | 4 |
_aQL49 _bC6.2 |
|
| 100 | 1 |
_aCousins, Lucy, _d1964- _936493 |
|
| 245 | 1 | 3 |
_aLa calle de Maisy / _ctexto e il. Lucy Cousins. |
| 260 |
_aBarcelona, Esp. : _bRBA, _c2009. |
||
| 300 |
_a[16] p. : _bprincipalmente il. col. |
||
| 440 | 0 | _aSerres | |
| 534 |
_pTítulo original: _tMaisy's street |
||
| 650 | 7 |
_aAnimales _vLiteratura infantil _2 _91061 |
|
| 650 | 4 |
_aSocialización del niño _93953 |
|
| 905 | _aInfantil | ||
| 999 |
_c199472 _d199472 |
||